000 00392nam a2200145Ia 4500
005 20251222143140.0
008 251222s9999||||xx |||||||||||||| ||spa||
020 _a84-277-1231-6
082 _a371.404/U77/2001
100 _aUría, María Esther
245 0 _aEstrategias Didáctico Organizativas para Mejorar los Centros Educativos
250 _a2a.ed.
264 _bNarcea
942 _cLIB
999 _c12273
_d12273